Desarrolle los líderes que están alrededor de usted: cómo ayudar a otros a alcanzar su máximo potencial (Registro nro. 7759)

Detalles MARC
000 -Cabecera
Campo de control de longitud fija 01010nam a22003137a 4500
005 - Fecha y hora de la última transacción
Campo de control 20250813164038.0
008 - Elementos de longitud fija--Información general
Campo de control de longitud fija 160302b2013 xxu||||| |||| 00| 0 spa d
020 ## - International Standard Book Number
Número Internacional Estándar del Libro (ISBN) 978958715043-8
041 ## - Idioma
Código de idioma Español
082 ## - Clasificación Decimal Dewey
Número de clasificación 658.409.2 M465d
100 ## - Entrada principal--Autor personal
Nombre personal Maxwell, John C
245 ## - Título propiamente dicho
Título Desarrolle los líderes que están alrededor de usted: cómo ayudar a otros a alcanzar su máximo potencial
260 ## - Pie de imprenta
Lugar de publicación, distribución, etc. Colombia
260 ## - Pie de imprenta
Nombre del editor, distribuidor, etc. San Pablo
260 ## - Pie de imprenta
Fecha de publicación, distribución, etc. 2013
300 ## - Descripción física
Extensión 171 páginas
490 ## - Serie
Título de la Serie Dirección y Administración de Empresas
650 ## - Materia general
Temática (materia general) LIDERAZGO EJECUTIVO
650 ## - Materia general
Temática (materia general) LÍDERES POTENCIALES
650 ## - Materia general
Temática (materia general) OPORTUNIDADES DE CRECIMIENTO
650 ## - Materia general
Temática (materia general) EVALUACIÓN DE CUALIDADES DE LIDERAZGO
650 ## - Materia general
Temática (materia general) CUALIDADES QUE SE DEBEN DE BUSCAR EN UN LÍDER
650 ## - Materia general
Temática (materia general) REPRODUCIR LÍDERES
650 ## - Materia general
Temática (materia general) MENTALIDAD DE LIDERAZGO
650 ## - Materia general
Temática (materia general) DESARROLLO DE LÍDERES
650 ## - Materia general
Temática (materia general) FORMAR EL MEJOR EQUIPO DE LÍDERES
650 ## - Materia general
Temática (materia general) CUALIDADES DE UN EQUIPO DE LÍDERES
942 ## - Punto de acceso adicional KOHA
Tipo de ítem KOHA Libro
Fuente del sistema de clasificación o colocación Dewey Decimal Classification
Existencias
Signatura completa Código de barras Programa Académico Tipo de ítem
658.409.2 M465d 20600 Dirección y Administración de Empresas Libro